Derecho municipal (Record no. 28914)

MARC details
000 -LEADER
fixed length control field 00675nam a22001817a 4500
005 - DATE AND TIME OF LATEST TRANSACTION
control field 20231211125329.0
008 - FIXED-LENGTH DATA ELEMENTS--GENERAL INFORMATION
fixed length control field 120209t mx ||||| |||| 00| 0 spa d
020 ## - INTERNATIONAL STANDARD BOOK NUMBER
International Standard Book Number 9786074241921
050 04 - LIBRARY OF CONGRESS CALL NUMBER
Classification number KGF3182
Item number O45 2011
100 1# - MAIN ENTRY--PERSONAL NAME
Personal name Olivos Campos, José René
245 10 - TITLE STATEMENT
Title Derecho municipal
Statement of responsibility, etc / José René Olivos Campos.
250 ## - EDITION STATEMENT
Edition statement 1a ed.
260 ## - PUBLICATION, DISTRIBUTION, ETC. (IMPRINT)
Place of publication, distribution, etc Morelia, México :
Name of publisher, distributor, etc Universidad Michoacana de San Nicólas de Hidalgo, Facultad de Derecho y Ciencias Sociales, División de Estudios de Posgrado,
Date of publication, distribution, etc 2011
300 ## - PHYSICAL DESCRIPTION
Extent xii, 191 p. ;
Dimensions 21 cm.
504 ## - BIBLIOGRAPHY, ETC. NOTE
Bibliography, etc Incluye bibliografía : p. 179-188 e índice
650 #7 - SUBJECT ADDED ENTRY--TOPICAL TERM
Source of heading or term lemb
Topical term or geographic name as entry element Derecho municipal
Geographic subdivision México
942 ## - ADDED ENTRY ELEMENTS (KOHA)
Source of classification or shelving scheme Biblioteca del Cogreso de los Estados Unidos
Koha item type Libro
Holdings
Estado de pérdida Fuente de clasificación Estado del daño No para préstamo Ubicación permanente Ubicación actual Apartado o colección Fecha de adquisición Fuente de adquisición Edición Dependencia de educación superior (DES) Área del conocimiento Clasificación Código de Barras Date last seen Número de copia Costo por reposición Tipo de recurso Total Checkouts
  Biblioteca del Cogreso de los Estados Unidos   Consulta Biblioteca de la Facultad de Contaduría y Ciencias Administrativas Biblioteca de la Facultad de Contaduría y Ciencias Administrativas General 09/02/2012 Unidad Académica 1a ed. Ciencias Económico Administrativas Ciencias Sociales y Administrativas KGF3182 O45 2011 BCCA000007447 16/01/2015 1 150.00 Libro  
  Biblioteca del Cogreso de los Estados Unidos     Biblioteca de la Facultad de Derecho y Ciencias Sociales "Felipe J. Tena" Biblioteca de la Facultad de Derecho y Ciencias Sociales "Felipe J. Tena" General 03/11/2021 Donación 1a ed. Derecho Ciencias Sociales y Administrativas KGF3182 O45 2011 BFD000013016 03/11/2021 1 1.00 Libro